00775cam a22002177a 4500003000500000005001700005008004100022010001000063011001000073035001000083040000900093100003300102245012400135260004100259300001000300502010900310650004600419650002600465650003100491650003500522CHAP20220329142829.0040602d1989 mx r 00110 spa d a88396 a89368 a99919 cCHAP00aArceo Guzman, Luis Fernando.10aUnidades demostrativas :buna opción viable para la transferencia de tecnologíasc/por Luis Fernando Arceo Guzmán aChapingo, Méx. :bEl autor,c1989. a49 h. aTesis (Ing. Agr. Esp. en Parasitología Agrícola) -- UACH. Departamento de Parasitología Agrícola14aAgriculturaxInnovaciones tecnológicas.14aCrédito agrícola.14aDemostración agrícola.14aTransferencia de tecnología.